Truyện cười truyền thống của người Việt : Sưu tầm, tuyển chọn, giới thiệu
Gồm có 2 phần: "Khái luận về truyện cười truyền thống của người Việt" và "Bộ sưu tập truyện cười truyền thống người Việt"
Enregistré dans:
| Auteur principal: | |
|---|---|
| Format: | Livre |
| Langue: | Undetermined |
| Publié: |
Hà Nội
Khoa học - Xã hội
2015
|
| Sujets: | |
| Tags: |
Ajouter un tag
Pas de tags, Soyez le premier à ajouter un tag!
|
| Thư viện lưu trữ: | Trung tâm Học liệu Trường Đại học Cần Thơ |
|---|
| LEADER | 00883nam a2200205Ia 4500 | ||
|---|---|---|---|
| 001 | CTU_209535 | ||
| 008 | 210402s9999 xx 000 0 und d | ||
| 082 | |a 895.9227 | ||
| 082 | |b Tr309 | ||
| 100 | |a Triều Nguyên | ||
| 245 | 0 | |a Truyện cười truyền thống của người Việt : | |
| 245 | 0 | |b Sưu tầm, tuyển chọn, giới thiệu | |
| 245 | 0 | |c Triều Nguyên | |
| 260 | |a Hà Nội | ||
| 260 | |b Khoa học - Xã hội | ||
| 260 | |c 2015 | ||
| 520 | |a Gồm có 2 phần: "Khái luận về truyện cười truyền thống của người Việt" và "Bộ sưu tập truyện cười truyền thống người Việt" | ||
| 650 | |a Hài hước và dí dõm,Wit and humor | ||
| 904 | |i Trần Thu Thảo,Hải | ||
| 980 | |a Trung tâm Học liệu Trường Đại học Cần Thơ | ||